Landen per satellietbeeld #4 - Statistieken

Algemene statistieken
  • Deze quiz is 1.848 keer genomen
  • De gemiddelde score is 9 van 16
Antwoordstatistieken
Foto Antwoord % Correct
Mexico
99%
India
97%
Zweden
92%
Denemarken
86%
Vaticaanstad
84%
Taiwan
64%
Zuid-Korea
62%
Papoea-Nieuw-Guinea
57%
Costa Rica
52%
Zwitserland
52%
Nicaragua
47%
Trinidad en Tobago
45%
Estland
43%
Roemenië
25%
Azerbeidzjan
23%
Bolivia
22%
Geen overeenkomende quizzen gevonden
Scoreverdeling
Procent van Mensen met Elke Score
Percentiel versus Aantal Correcte Antwoorden
Uw Scoregeschiedenis
U heeft deze quiz nog niet genomen